Countries With Highest GDP Minefield Quiz Stats

 Plays Quiz Updated Feb 13, 2019

Support Sporcle.
Go Orange.
Score 0/51 Timer 15:00
2 Plays Today
Rank Country % Correct
1???
85.3%
5???
75.9%
2???
74.9%
4???
73.3%
6???
73%
3???
69.6%
10???
66.5%
12???
63.5%
8???
62.1%
14???
62.1%
9???
61.7%
7???
58.6%
13???
55.3%
15???
54.9%
24???
47.1%
21???
45.3%
11???
44%
29???
42.3%
17???
37.1%
19???
36.1%
20???
34.4%
16???
33.9%
44???
33.5%
33???
33.5%
25???
33%
46???
32.6%
Rank Country % Correct
36???
32.2%
26???
30.9%
30???
30.7%
18???
30.5%
32???
26.1%
28???
26%
47???
24.9%
40???
24.7%
43???
23.7%
41???
21.6%
27???
20.5%
22???
19.6%
31???
18.7%
49???
18.5%
39???
18.2%
35???
16.2%
37???
15.9%
34???
15.7%
23???
15.5%
38???
14.7%
42???
14.6%
48???
14.2%
50???
13.1%
45???
10%
MINE???
3.7%

You're not logged in!

Compare scores with friends on all Sporcle quizzes.
OR
Log In
Forgot?

From the Vault

Pokémon by Pokédex Range

by Spacemaniac

Gaming 7m
How well do you know your Pokédex?
Remove Ads.
Support Sporcle.
Get the best of Sporcle when you Go Orange. This ad-free experience offers more features, more stats, and more fun while also helping to support Sporcle. Thank you for becoming a member.

Show Comments

Extras

Top Quizzes Today


Score Distribution

Your Account Isn't Verified!

In order to create a playlist on Sporcle, you need to verify the email address you used during registration. Go to your Sporcle Settings to finish the process.

Report this User

Report this user for behavior that violates our Community Guidelines.

Details: